000 00511 a2200169 4500
003 OSt
005 20240111150105.0
008 240111b |||||||| |||| 00| 0 eng d
020 _a9788190863490
040 _coclc
082 _a297
_bROB/P
100 _aRobert, Abdurahman
_910262
245 _aPuthiyaniyamathinte adikarikatha pracharanavum yadharthyavum /
_cAbdurahman Robert
260 _aKerala:
_bDa'wa books,
_c2009.
300 _a49p
942 _2ddc
_cBK
_h297
_iROB/P
_k297
_mROB/P
999 _c43124
_d43124